Genshin Impact burst icons (V.6.6) - Statistics

General Stats
  • This quiz has been taken 117 times
    12 since last reset
  • The average score is 99 of 120
Answer Stats
Picture Answer % Correct
Diluc
100%
Nahida
100%
Navia
100%
Nicole
100%
Ororon
100%
Xiangling
100%
Yelan
100%
Zhongli
100%
Aino
88%
Alhaitham
88%
Arataki Itto
88%
Baizhu
88%
Barbara
88%
Bennett
88%
Candace
88%
Charlotte
88%
Chasca
88%
Chiori
88%
Chongyun
88%
Citlali
88%
Clorinde
88%
Collei
88%
Columbina
88%
Cyno
88%
Dahlia
88%
Dori
88%
Durin
88%
Emilie
88%
Escoffier
88%
Faruzan
88%
Fischl
88%
Freminet
88%
Furina
88%
Gaming
88%
Gorou
88%
Hu Tao
88%
Iansan
88%
Illuga
88%
Ineffa
88%
Jean
88%
Kachina
88%
Kaedehara Kazuha
88%
Kamisato Ayaka
88%
Kaveh
88%
Kinich
88%
Klee
88%
Lan Yan
88%
Lauma
88%
Layla
88%
Linnea
88%
Lynette
88%
Lyney
88%
Mika
88%
Mualani
88%
Nefer
88%
Noelle
88%
Prune
88%
Qiqi
88%
Raiden Shogun
88%
Razor
88%
Sangonomiya Kokomi
88%
Sayu
88%
Shenhe
88%
Sigewinne
88%
Skirk
88%
Sucrose
88%
Tartaglia
88%
Traveler - Anemo
88%
Traveler - Geo
88%
Varesa
88%
Wriothesley
88%
Xianyun
88%
Xiao
88%
Xilonen
88%
Yae Miko
88%
Yaoyao
88%
Yoimiya
88%
Yumemizuki Mizuki
88%
Zibai
88%
Albedo
75%
Amber
75%
Chevreuse
75%
Dehya
75%
Diona
75%
Flins
75%
Jahoda
75%
Kaeya
75%
Keqing
75%
Kirara
75%
Kuki Shinobu
75%
Lisa
75%
Mavuika
75%
Mona
75%
Neuvillette
75%
Ningguang
75%
Rosaria
75%
Thoma
75%
Tighnari
75%
Traveler - Dendro
75%
Traveler - Hydro
75%
Traveler - Pyro
75%
Varka
75%
Wanderer
75%
Xingqiu
75%
Xinyan
75%
Aloy
63%
Arlecchino
63%
Beidou
63%
Ganyu
63%
Ifa
63%
Kamisato Ayato
63%
Kujou Sara
63%
Nilou
63%
Sethos
63%
Traveler - Electro
63%
Venti
63%
Yanfei
63%
Yun Jin
63%
Eula
50%
Shikanoin Heizou
50%
No matching quizzes found
Score Distribution
Percent of People with Each Score
Percentile by Number Answered
Your Score History
You have not taken this quiz since the last reset